Change a Letter Slideshow IV Quiz Stats

Quiz Updated Feb 16, 2016

Challenge
Share
Tweet
Score 0/18 Timer 05:00
1 Play Today
% Correct
carrot & parrot
99%
jungle & juggle
94.6%
lizard & wizard
93.9%
donkey & monkey
92.3%
mullet & bullet
91.5%
castle & cattle
91.1%
staple & stable
90.5%
badger & badges
88.9%
salmon & saloon
88.1%
% Correct
battle & bottle
86.3%
beaker & beaver
84.9%
zipper & zapper
80.3%
biking & bikini
66.2%
wicket & wicker
61%
pistol & piston
60.3%
diaper & dipper
55.6%
inject & insect
50.9%
vortex & vertex
33.5%

You're not logged in!

Compare scores with friends on all Sporcle quizzes.
Sign Up with Email
OR
Log In

You Might Also Like...

Show Comments

Extras

Top Quizzes Today


Score Distribution

Your Account Isn't Verified!

In order to create a playlist on Sporcle, you need to verify the email address you used during registration. Go to your Sporcle Settings to finish the process.